| 000 | 00864nam a22002897a 4500 | ||
|---|---|---|---|
| 001 | 7240 | ||
| 003 | FISKH | ||
| 005 | 20250703145233.0 | ||
| 008 | 250703b cb ||||| |||| 00| 0 eng d | ||
| 020 | _a9780590386333 | ||
| 040 |
_aFISKH _beng _cFISKH _dFISKH |
||
| 050 | _aPZ7.S75663 | ||
| 082 | _a813.54 | ||
| 100 |
_aSpinelli, Jerry _d(1941-) |
||
| 245 |
_aThe library card / _cJerry Spinelli |
||
| 250 | _aThis edition first published in 1998 | ||
| 260 |
_aNew York : _bScholastic, _c1997 |
||
| 300 |
_a147 pages : _c20 cm |
||
| 505 | _aR | ||
| 520 | _aThe lives of four young people in different circumstances are changed by their encounters with books. | ||
| 521 | 8 |
_a690
_bLexile |
|
| 521 | 8 |
_aR
_bRaz-Plus |
|
| 650 |
_2Libraries _aRealistic fiction |
||
| 650 |
_2Short stories _aJuvenile fiction |
||
| 942 |
_2ddc _cBK _n0 |
||
| 999 |
_c7240 _d7240 |
||